000
00200nam a2200085 4500
001
1254840
005
20251127092142.0
245
_a
KAĞAN TABLODAKİ GİZEM
_c
MUSTAFA ORAKÇI
260
_b
TİMAŞ YAYINLARI
999
_c
1254840
_d
1254840